Duże miasta bez obwodnicy - Statystyki

Ogólne statystyki
  • Ten quiz został rozwiązany 131 razy
  • Średni wynik to 11 z 18
Statystyki odpowiedzi
Przyszła obwodnica Województwo Liczba ludności Miasto % Poprawnych
S8 S19 podlaskie 297 459 Białystok
96%
- wielkopolskie 107 225 Kalisz
71%
- dolnośląskie 112 594 Wałbrzych
70%
S17 lubelskie 63 511 Zamość
69%
S6 pomorskie 90 769 Słupsk
67%
- małopolskie 84 041 Nowy Sącz
65%
- podkarpackie 60 999 Przemyśl
63%
A2 mazowieckie 77 990 Siedlce
63%
S12 lubelskie 62 331 Chełm
61%
S61 podlaskie 63 092 Łomża
60%
A2 lubelskie 57 352 Biała Podlaska
57%
S3 dolnośląskie 80 325 Jelenia Góra
57%
- opolskie 55 750 Kędzierzyn - Koźle
57%
S1 śląskie 128 211 Tychy
55%
S61 mazowieckie 52 215 Ostrołęka
48%
- podkarpackie 60 799 Stalowa Wola
47%
S61 mazowieckie 54 172 Legionowo
42%
S7 mazowieckie 47 423 Piaseczno
37%
Nie znaleziono quizów pasujących do podanych kryteriów
Rozkład punktacji
Procent ludzi z każdym wynikiem
Percentyl według liczby udzielonych odpowiedzi
Twoja historia wyników
Nie rozwiązałeś tego quizu